• 首页
  • 本馆介绍
  • 公告通知
  • 最新文献
  • 馆藏检索
  • 电子资源
  • 读者导购
  • 参考咨询
  • 我的图书馆
  • 登录
  • 详细信息显示
  • 放入我的书架
  • 预约/预借图书
  • 作者相关作品
  • 分类相关作品
  • 丛书相关作品
  • 出版社相关作品

书目信息

  • 表格格式
  • 工作单格式
  • 卡片格式
题名:
中国古典诗词曲古谱今译
    
 
作者: 刘崇德 选译
分册:   唐宋词
出版信息: 合肥   黄山书社  2015
页数: 184页
开本: 30cm
丛书名:
单 册:
中图分类: J642.7
科图分类:
主题词: 唐宋词--Tang Song Ci--歌曲--作品集--中国
电子资源:
ISBN: 978-7-5461-4625-6
000 01013nam0 22002411 450
001 0101082550
005 20161202101409.25
010    @a978-7-5461-4625-6@dCNY78.00
100    @a20150720d2015 em y0chiy50 ea
101 0  @achi
102    @aCN@b340000
105    @ag z 000yy
106    @ar
200 1  @a中国古典诗词曲古谱今译@AZhong Guo Gu Dian Shi Ci Qu Gu Pu Jin Yi@i唐宋词@f刘崇德选译
210    @a合肥@c黄山书社@d2015
215    @a184页@d30cm
300    @a2012年度教育部哲学社会科学研究重大课题攻关项目“中国古代曲乐整理和研究”成果 安徽省“十二五”重点出版规划项目
330    @a本书将唐宋词中具有“音乐经典”的作品,译成现在广为流传的简谱和五线谱对照的谱式。每曲后所附文字,或为解题,或为评点,或讲音乐。书中选译作品基本上为原词原曲,个别乐谱改配他词者,除在标题处注明外,在曲后文字中也略作交待。
606 0  @a唐宋词@ATang Song Ci@x歌曲@x作品集@y中国
690    @aJ642.7@v5
701  0 @a刘崇德@ALiu Chong De@f(1942~)@4选译
801  0 @aCN@bTANGWEI@c20161128
905    @b0952545-8@dJ642.7@e260@f4
    
    中国古典诗词曲古谱今译.唐宋词/刘崇德选译.-合肥:黄山书社,2015
    184页;30cm
    2012年度教育部哲学社会科学研究重大课题攻关项目“中国古代曲乐整理和研究”成果 安徽省“十二五”重点出版规划项目
    
    ISBN 978-7-5461-4625-6:CNY78.00
    本书将唐宋词中具有“音乐经典”的作品,译成现在广为流传的简谱和五线谱对照的谱式。每曲后所附文字,或为解题,或为评点,或讲音乐。书中选译作品基本上为原词原曲,个别乐谱改配他词者,除在标题处注明外,在曲后文字中也略作交待。
●
相关链接 在E读中查询图书 在五车中查询图书 在当当中查询图书 在豆瓣中查询图书


正题名:中国古典诗词曲古谱今译     索取号:J642.7/260         预约/预借

序号 登录号 条形码 馆藏地/架位号 状态 备注
1 0952545   209525450   第一样本阅览室/ [索取号:J642.7/260] 在馆    
2 0952546   209525469   第一借阅区/ [索取号:J642.7/260] 在馆    
3 0952547   209525478   第一借阅区/ [索取号:J642.7/260] 在馆    
4 0952548   209525487   第一借阅区/ [索取号:J642.7/260] 在馆    
唐山师范学院图书馆 欢迎您!
大连网信软件有限公司© 版权所有